<?xml version="1.0" encoding="UTF-8"?><?xml-stylesheet type="text/xsl" href="static/style.xsl"?><OAI-PMH xmlns="http://www.openarchives.org/OAI/2.0/" xmlns:xsi="http://www.w3.org/2001/XMLSchema-instance" xsi:schemaLocation="http://www.openarchives.org/OAI/2.0/ http://www.openarchives.org/OAI/2.0/OAI-PMH.xsd"><responseDate>2026-04-27T14:40:41Z</responseDate><request verb="GetRecord" identifier="oai:uvadoc.uva.es:10324/1701" metadataPrefix="marc">https://uvadoc.uva.es/oai/request</request><GetRecord><record><header><identifier>oai:uvadoc.uva.es:10324/1701</identifier><datestamp>2021-07-02T07:22:18Z</datestamp><setSpec>com_10324_1508</setSpec><setSpec>com_10324_894</setSpec><setSpec>col_10324_1584</setSpec></header><metadata><record xmlns="http://www.loc.gov/MARC21/slim" xmlns:doc="http://www.lyncode.com/xoai" xmlns:xsi="http://www.w3.org/2001/XMLSchema-instance" xmlns:dcterms="http://purl.org/dc/terms/" xsi:schemaLocation="http://www.loc.gov/MARC21/slim http://www.loc.gov/standards/marcxml/schema/MARC21slim.xsd">
<leader>00925njm 22002777a 4500</leader>
<datafield tag="042" ind1=" " ind2=" ">
<subfield code="a">dc</subfield>
</datafield>
<datafield tag="720" ind1=" " ind2=" ">
<subfield code="a">Benavides Velasco, Patricia</subfield>
<subfield code="e">author</subfield>
</datafield>
<datafield tag="720" ind1=" " ind2=" ">
<subfield code="a">Márquez Lobillo, Patricia</subfield>
<subfield code="e">author</subfield>
</datafield>
<datafield tag="260" ind1=" " ind2=" ">
<subfield code="c">2011</subfield>
</datafield>
<datafield tag="520" ind1=" " ind2=" ">
<subfield code="a">El Real Decreto 1393/2007, de 29 de octubre, por el que se&#xd;
establece la ordenación de las enseñanzas universitarias oficiales, en su&#xd;
redacción dada por el Real Decreto 861/2010, de 2 de julio, dispone que una&#xd;
vez iniciada la implantación de las enseñanzas correspondientes a los títulos&#xd;
oficiales, las Agencias de Evaluación de la calidad llevarán a cabo el&#xd;
seguimiento del cumplimiento del proyecto contenido en el plan de estudios&#xd;
verificado por el Consejo de Universidades.&#xd;
En el caso de los grados el proceso de seguimiento culminará en una&#xd;
nueva evaluación que se realizará a los seis años de la implantación de la&#xd;
titulación, mientras que este plazo se ve acortado para los títulos de máster&#xd;
hasta los cuatro años.&#xd;
El objetivo principal de la evaluación del seguimiento del título es la de&#xd;
comprobar la adecuada implantación del mismo, conforme al plan de estudios&#xd;
previamente presentado por cada Universidad y que obtuvo la verificación por&#xd;
parte del Ministerio de Educación. Igualmente, con la misma se pretende&#xd;
analizar los resultados de la puesta en marcha a partir de la información&#xd;
obtenida desde la implantación de su sistema de garantía de calidad.&#xd;
El proceso de evaluación del seguimiento tiene como finalidad detectar las&#xd;
desviaciones producidas respecto del plan de estudios inicial. A través del&#xd;
mismo se podrá analizar cuáles han sido las causas de dicha desviación así&#xd;
como permitir la implantación de planes de mejora encaminadas a solucionar los problemas que se hubieran detectado. Al tratarse de un procedimiento&#xd;
eminentemente público podrá extraerse información acerca de la experiencia&#xd;
en la implantación por parte de otras Universidades.&#xd;
El propósito del presente trabajo es exponer los criterios, indicadores y&#xd;
directrices para el seguimiento de los títulos oficiales de Graduado/a en&#xd;
Derecho que se utilizarán en las Universidades Andaluzas, basados en los&#xd;
principios de transparencia y accesibilidad, utilidad, constancia de logros,&#xd;
compromiso interno del centro/institución, apoyo en el sistema de garantía de&#xd;
calidad del título y orientación a la mejora.</subfield>
</datafield>
<datafield tag="024" ind2=" " ind1="8">
<subfield code="a">Echebarría Sáenz, Joseba A. IV Congreso Nacional de Innovación en Ciencias Jurídicas: Coordinación y planificación en los estudios de derecho.Valladolid: Universidad de Valladolid, 2011, p. 1187-1200</subfield>
</datafield>
<datafield tag="024" ind2=" " ind1="8">
<subfield code="a">978-84-694-8683-2</subfield>
</datafield>
<datafield tag="024" ind2=" " ind1="8">
<subfield code="a">http://uvadoc.uva.es/handle/10324/1701</subfield>
</datafield>
<datafield ind1=" " ind2=" " tag="653">
<subfield code="a">Titulados universitarios-Derecho-España</subfield>
</datafield>
<datafield ind1=" " ind2=" " tag="653">
<subfield code="a">Estudiantes universitarios-Evaluación</subfield>
</datafield>
<datafield tag="245" ind1="0" ind2="0">
<subfield code="a">De la acreditación al seguimiento de los títulos de Graduado/a en Derecho</subfield>
</datafield>
</record></metadata></record></GetRecord></OAI-PMH>